000 00475nmm a2200169Ia 4500
008 251105s9999||||xx |||||||||||||||||und||
020 _a9788446035404
041 _aspa
100 _aButler, Samuel
245 0 _aErewhon : o al otro lado de las montañas
264 _a[Madrid, España] :
_bAkal,
_c2012
300 _a304 páginas
490 _aUtopías
650 _aScience fiction & Fantasy
856 _uhttps://public.digitaliapublishing.com/a/28006
942 _cCF
999 _c82913
_d82913